书目信息 |
| 题名: |
英语中的汉语借词研究
|
|
| 作者: | 陈胜利 著 | |
| 分册: | ||
| 出版信息: | 北京 中国社会科学出版社 2016 |
|
| 页数: | 278页 | |
| 开本: | 24cm | |
| 丛书名: | ||
| 单 册: | ||
| 中图分类: | H313.5 | |
| 科图分类: | ||
| 主题词: | 英语--ying yu--外来语--借词--研究 | |
| 电子资源: | ||
| ISBN: | 978-7-5161-8889-7 | |
| 000 | 01130nam0 22002651 450 | |
| 001 | 0119165237 | |
| 005 | 20170619165237.0 | |
| 010 | @a978-7-5161-8889-7@dCNY65.00 | |
| 100 | @a20161203d2016 em y0chiy50 ea | |
| 101 | 0 | @achi@aeng |
| 102 | @aCN@b110000 | |
| 105 | @ay z 000yy | |
| 106 | @ar | |
| 200 | 1 | @a英语中的汉语借词研究@9ying yu zhong de han yu jie ci yan jiu@dChinese borrowings in English@e接触语言学视角@f陈胜利著@zeng |
| 210 | @a北京@c中国社会科学出版社@d2016 | |
| 215 | @a278页@d24cm | |
| 300 | @a江苏高校品牌专业建设工程资助项目(英语)、江苏省重点建设学科“比较文学与世界文学”资金支持 | |
| 330 | @a本书从接触语言学的角度,采用理论研究和语料分析相结合的方法,以借词的整个“动态”过程为“纲”,以借词的分类为“目”,以语言、社会、文化等因素为切入“点”,多层次、全方位地研究英语中的汉语借词。 | |
| 510 | 1 | @aChinese borrowings in English@zeng |
| 517 | 1 | @a接触语言学视角@9jie chu yu yan xue shi jiao |
| 606 | 0 | @a英语@9ying yu@x外来语@x借词@x研究 |
| 690 | @aH313.5@v5 | |
| 701 | 0 | @a陈胜利@9chen sheng li@c(英语,@f1966~)@4著 |
| 801 | 0 | @aCN@b百万庄@c20170616 |
| 905 | @b1010745-50@dH313.5@e817@f6 | |
| 英语中的汉语借词研究=Chinese borrowings in English:接触语言学视角/陈胜利著.-北京:中国社会科学出版社,2016 |
| 278页;24cm |
| 江苏高校品牌专业建设工程资助项目(英语)、江苏省重点建设学科“比较文学与世界文学”资金支持 |
| ISBN 978-7-5161-8889-7:CNY65.00 |
| 本书从接触语言学的角度,采用理论研究和语料分析相结合的方法,以借词的整个“动态”过程为“纲”,以借词的分类为“目”,以语言、社会、文化等因素为切入“点”,多层次、全方位地研究英语中的汉语借词。 |
| ● |
| 相关链接 |
|
|
|
|
正题名:英语中的汉语借词研究
索取号:H313.5/817
 
预约/预借
| 序号 | 登录号 | 条形码 | 馆藏地/架位号 | 状态 | 备注 |
| 1 | 1010745 | 210107454 | 第二样本阅览室/ [索取号:H313.5/817] | 在馆 | |
| 2 | 1010746 | 210107463 | 教育系资料室/ [索取号:H313.5/817] | 在馆 | |
| 3 | 1010747 | 210107472 | 教育系资料室/ [索取号:H313.5/817] | 在馆 | |
| 4 | 1010748 | 210107481 | 教育系资料室/ [索取号:H313.5/817] | 在馆 | |
| 5 | 1010749 | 210107490 | 第四借阅区/ [索取号:H313.5/817] | 在馆 | |
| 6 | 1010750 | 210107506 | 第四借阅区/ [索取号:H313.5/817] | 在馆 |